000 00347 a2200157 4500
001 153642
020 _a8500907037
040 _cEscola São Tomás de Aquino
100 _aBARRETO, Lima
240 1 0 _aClara dos anjos
_lpor
245 1 0 _aClara dos anjos
300 _a155
362 0 _a1996
697 _aLITERATURA BRASILEIRA
942 _cBK
999 _c153642
_d153642